000 00655nam a2200193 a 4500
005 20250109063814.0
008 991125s1966 fr 000 0 fre u
035 _aUPN01000004832
049 _aUNE
050 4 _aLA2090
_bH3.2
100 1 _aHallak, Jacques,
_d1937-
_928384
245 1 4 _aLes aspects financiers de l'education en Côte-d'Ivoire /
_cJacques Hallak, Raymond Poignant.
260 _aParís :
_bUNESCO, Institut International de Planification de l'Education,
_c1966.
300 _a44 p.
440 0 _aMonographies africaines ;
_v8
650 4 _aEducación
_zÁfrica
_9687
700 1 _aPoignant, Raymond,
_d1917-
_ecoaut.
_929866
905 _aLibro
999 _c4832
_d4832